PARMACOGNOSY PARCTICAL NOTEBOOK FOR FIRST YEAR DIPLOMA IN PHARMACY (Record no. 6191)

MARC details
000 -LEADER
fixed length control field 00463nam a22001697a 4500
005 - DATE AND TIME OF LATEST TRANSACTION
control field 20210826131126.0
008 - FIXED-LENGTH DATA ELEMENTS--GENERAL INFORMATION
fixed length control field 200514b xxu||||| |||| 00| 0 eng d
020 ## - INTERNATIONAL STANDARD BOOK NUMBER
ISBN 9788123914268
041 ## - LANGUAGE CODE
Language code of text/sound track or separate title eng
082 ## - DEWEY DECIMAL CLASSIFICATION NUMBER
Classification number 615.1
100 ## - MAIN ENTRY--AUTHOR NAME
Personal name SHARMA, VARUN DUTT
245 ## - TITLE STATEMENT
Title PARMACOGNOSY PARCTICAL NOTEBOOK FOR FIRST YEAR DIPLOMA IN PHARMACY
250 ## - EDITION STATEMENT
Edition statement 1'st
260 ## - PUBLICATION, DISTRIBUTION, ETC. (IMPRINT)
Place of publication New Delhi
Name of publisher C BS Publishers and Distrbutrs
Year of publication 2019
300 ## - PHYSICAL DESCRIPTION
Number of Pages 274, iv
942 ## - ADDED ENTRY ELEMENTS (KOHA)
Koha item type Books
Holdings
Lost status Damaged status Collection code Home library Current library Shelving location Date acquired Source of acquisition Cost, normal purchase price Full call number Accession Number Koha item type
    PHARMACY JRU Library JRU Library Shelf - 27- B 14/05/2020 PURCHASE 325.00 615.1 23883 Books